MARC details
| 000 -LEADER |
| fixed length control field |
01712nam a2200241 a 4500 |
| 008 - FIXED-LENGTH DATA ELEMENTS--GENERAL INFORMATION |
| fixed length control field |
090508s1949 ||||||||||||||||| || u |
| 050 ## - LIBRARY OF CONGRESS CALL NUMBER |
| Classification number |
GOV.ZAM(058)FR/1948 |
| 110 ## - MAIN ENTRY--CORPORATE NAME |
| Corporate name or jurisdiction name as entry element |
Government of the Republic of Zambia (GRZ) |
| 245 10 - TITLE STATEMENT |
| Title |
Northern Rhodesia annual financial report by the Accountant-General for the year ended 31st December, (1949, 1948, 1950, 1952, 1953, 1960, 1961) |
| Statement of responsibility, etc. |
presented to the Legislative Assembly |
| 260 ## - PUBLICATION, DISTRIBUTION, ETC. |
| Place of publication, distribution, etc. |
Lusaka |
| Name of publisher, distributor, etc. |
Government Printer |
| Date of publication, distribution, etc. |
1949 |
| 300 ## - PHYSICAL DESCRIPTION |
| Extent |
106p.: ill. |
| 350 ## - |
| -- |
0.00 |
| 500 ## - GENERAL NOTE |
| General note |
LIBRARY HOLDINGS: 1949, 1948, 1950, 1952, 1953, 1960, 1961 |
| 650 #0 - SUBJECT ADDED ENTRY--TOPICAL TERM |
| Topical term or geographic name entry element |
AFRICA--ECONOMIC CONDITIONS |
| 650 ## - SUBJECT ADDED ENTRY--TOPICAL TERM |
| Topical term or geographic name entry element |
ECONOMIC DEVELOPMENT--PLANNING |
| 650 ## - SUBJECT ADDED ENTRY--TOPICAL TERM |
| Topical term or geographic name entry element |
ZAMBIA--ECONOMIC CONDITIONS |
| 995 ## - |
| -- |
SPECIAL COLLECTIONS |
| -- |
0.00 |
| -- |
03003975 |
| -- |
CBU-MAIN LIBRARY (Kitwe) |
| -- |
1 |
| -- |
0.00 |
| -- |
GOV.ZAM(058)FR/1960 |
| -- |
6 |
| -- |
AVAILABLE |
| -- |
May 18, 2009 |
| -- |
03003975 |
| -- |
Zambiana Collection |
| 995 ## - |
| -- |
SPECIAL COLLECTIONS |
| -- |
0.00 |
| -- |
03003973 |
| -- |
CBU-MAIN LIBRARY (Kitwe) |
| -- |
1 |
| -- |
0.00 |
| -- |
GOV.ZAM(058)FR/1949 |
| -- |
2 |
| -- |
AVAILABLE |
| -- |
May 18, 2009 |
| -- |
03003973 |
| -- |
Zambiana Collection |
| 995 ## - |
| -- |
SPECIAL COLLECTIONS |
| -- |
0.00 |
| -- |
03003904 |
| -- |
CBU-MAIN LIBRARY (Kitwe) |
| -- |
1 |
| -- |
0.00 |
| -- |
GOV.ZAM(058)FR/1948 |
| -- |
1 |
| -- |
AVAILABLE |
| -- |
May 8, 2009 |
| -- |
Z03003904 |
| -- |
Zambiana Collection |
| 995 ## - |
| -- |
SPECIAL COLLECTIONS |
| -- |
0.00 |
| -- |
03003906 |
| -- |
CBU-MAIN LIBRARY (Kitwe) |
| -- |
1 |
| -- |
0.00 |
| -- |
GOV.ZAM(058)FR/1952 |
| -- |
4 |
| -- |
AVAILABLE |
| -- |
May 8, 2009 |
| -- |
03003906 |
| -- |
Zambiana Collection |
| 995 ## - |
| -- |
SPECIAL COLLECTIONS |
| -- |
0.00 |
| -- |
03003920 |
| -- |
CBU-MAIN LIBRARY (Kitwe) |
| -- |
1 |
| -- |
0.00 |
| -- |
GOV.ZAM(058)FR/1950 |
| -- |
3 |
| -- |
AVAILABLE |
| -- |
May 11, 2009 |
| -- |
03003920 |
| -- |
Zambiana Collection |
| 995 ## - |
| -- |
SPECIAL COLLECTIONS |
| -- |
0.00 |
| -- |
03003974 |
| -- |
CBU-MAIN LIBRARY (Kitwe) |
| -- |
1 |
| -- |
0.00 |
| -- |
GOV.ZAM(058)FR/1953 |
| -- |
5 |
| -- |
AVAILABLE |
| -- |
May 18, 2009 |
| -- |
03003974 |
| -- |
Zambiana Collection |
| 999 ## - |
| -- |
78832 |
| -- |
78832 |